| 000 | 01600pam a2200361 a 4500 | ||
|---|---|---|---|
| 999 |
_c22363 _d22363 |
||
| 001 | 670424 | ||
| 005 | 20170124085123.0 | ||
| 008 | 950315s1995 njua b 001 0 eng | ||
| 010 | _a 95010548 | ||
| 020 | _a069104497X (alk. paper) | ||
| 043 | _ae------ | ||
| 050 | 0 | 0 | _aN5240 .B76 1995 |
| 100 | 1 |
_aBrown, Jonathan, _d1939- |
|
| 245 | 1 | 0 |
_aKings & connoisseurs : _bcollecting art in seventeenth-century Europe / _cJonathan Brown. |
| 246 | 3 | _aKings and connoisseurs | |
| 260 |
_aPrinceton, N.J. : _bPrinceton University Press, _cc1995. |
||
| 300 |
_a264 p. : _bill. (some col.) ; _c30 cm. |
||
| 440 | 4 |
_aThe A.W. Mellon lectures in the fine arts ; _v1994 |
|
| 490 | 1 |
_aBollingen series ; _vXXXV, 43 |
|
| 504 | _aIncludes bibliographical references (p. 257-260) and index. | ||
| 650 | 0 |
_aPainting _xCollectors and collecting _zEurope _xHistory _y17th century. |
|
| 650 | 0 |
_aPainting _xPrivate collections _zEurope _xHistory _y17th century. |
|
| 830 | 0 |
_aBollingen series ; _v35, 43. |
|
| 856 | 4 | 1 |
_3Table of contents _uhttp://www.loc.gov/catdir/toc/prin031/95010548.html |
| 856 | 4 | 2 |
_3Publisher description _uhttp://www.loc.gov/catdir/description/prin021/95010548.html |
| 942 |
_2lcc _cBOOKS |
||